Латинско-русский словарь

Bibliographic Details
Main Author: Петрученко О.
Corporate Author: Греко-латинский кабинет Ю. А. Шичалина
Summary:Репринт IX издания 1914 г.
Language:Russian
Latin
Published: Москва, 1994
Series:Федеральная целевая программа книгоиздания России
Subjects:
Format: Book
KOHA link:https://koha.lib.tpu.ru/cgi-bin/koha/opac-detail.pl?biblionumber=73158

MARC

LEADER 00000nam0a2200000 4500
001 73158
005 20231101212705.0
010 |a 5872450095 
035 |a (RuTPU)RU\TPU\book\78039 
090 |a 73158 
100 |a 20050211d1994 km y0rusy50 ca 
101 0 |a rus  |a lat 
102 |a RU 
105 |a y e 000zy 
200 1 |a Латинско-русский словарь  |f О. Петрученко  |g Греко-латинский кабинет Ю. А. Шичалина 
210 |a Москва  |d 1994 
215 |a 810 с. 
225 1 |a Федеральная целевая программа книгоиздания России 
300 |a Репринт IX издания 1914 г. 
610 1 |a латинский язык 
610 1 |a словари 
686 |a Ш146  |v LBC/SL-A  |2 rubbk 
700 1 |a Петрученко  |b О. 
712 0 2 |a Греко-латинский кабинет Ю. А. Шичалина  |2 stltpush  |3 (RuTPU)RU\TPU\col\6182  |9 24221 
801 1 |a RU  |b 63413507  |c 20050211  |g PSBO 
801 2 |a RU  |b 63413507  |c 20101124  |g PSBO 
942 |c BK